Learning Resource and Development

Calculus and analytic geometry / (Record no. 18819)

MARC details
000 -LEADER
fixed length control field 01701cam a2200481 a 4500
001 - CONTROL NUMBER
control field calculusanalytic00edwa
003 - CONTROL NUMBER IDENTIFIER
control field CaSfIA
005 - DATE AND TIME OF LATEST TRANSACTION
control field 20230525154829.0
007 - PHYSICAL DESCRIPTION FIXED FIELD--GENERAL INFORMATION
fixed length control field cr||||
008 - FIXED-LENGTH DATA ELEMENTS--GENERAL INFORMATION
fixed length control field 890822s1990 njua b 001 0 eng
010 ## - LIBRARY OF CONGRESS CONTROL NUMBER
LC control number 89022949
040 ## - CATALOGING SOURCE
Original cataloging agency DLC
Transcribing agency DLC
Modifying agency UKM
-- NLGGC
-- BTCTA
-- UBA
-- YDXCP
-- OCLCG
-- DEBBG
-- CaSfIA
015 ## - NATIONAL BIBLIOGRAPHY NUMBER
National bibliography number GB91-48765
020 ## - INTERNATIONAL STANDARD BOOK NUMBER
International Standard Book Number 013111204X :
Terms of availability $41.00
020 ## - INTERNATIONAL STANDARD BOOK NUMBER
International Standard Book Number 9780131112049
035 ## - SYSTEM CONTROL NUMBER
System control number (OCoLC)20319990
050 00 - LIBRARY OF CONGRESS CALL NUMBER
Classification number QA303
Item number .E223 1990
082 00 - DEWEY DECIMAL CLASSIFICATION NUMBER
Classification number 515/.15
Edition number 20
084 ## - OTHER CLASSIFICATION NUMBER
Classification number SK 400
Number source rvk
029 1# - OTHER SYSTEM CONTROL NUMBER (OCLC)
OCLC library identifier UKM
System control number b9148765
029 1# - OTHER SYSTEM CONTROL NUMBER (OCLC)
OCLC library identifier NLGGC
System control number 098066005
029 1# - OTHER SYSTEM CONTROL NUMBER (OCLC)
OCLC library identifier AU@
System control number 000023930888
029 1# - OTHER SYSTEM CONTROL NUMBER (OCLC)
OCLC library identifier AU@
System control number 000006724052
029 1# - OTHER SYSTEM CONTROL NUMBER (OCLC)
OCLC library identifier HEBIS
System control number 014217899
029 1# - OTHER SYSTEM CONTROL NUMBER (OCLC)
OCLC library identifier DEBBG
System control number BV006083237
100 1# - MAIN ENTRY--PERSONAL NAME
Personal name Edwards, C. H.
Fuller form of name (Charles Henry),
Dates associated with a name 1937-
245 10 - TITLE STATEMENT
Title Calculus and analytic geometry /
Medium [electronic resource]
Statement of responsibility, etc. C.H. Edwards, Jr., David E. Penney.
250 ## - EDITION STATEMENT
Edition statement 3rd ed.
260 ## - PUBLICATION, DISTRIBUTION, ETC.
Place of publication, distribution, etc. Englewood Cliffs, N.J. :
Name of publisher, distributor, etc. Prentice Hall,
Date of publication, distribution, etc. c1990.
300 ## - PHYSICAL DESCRIPTION
Extent xv, 926, 79 p. :
Other physical details ill. (some col.) ;
Dimensions 26 cm.
504 ## - BIBLIOGRAPHY, ETC. NOTE
Bibliography, etc. note Includes bibliographical references (p. A-1-A-2) and index.
650 #0 - SUBJECT ADDED ENTRY--TOPICAL TERM
Topical term or geographic name entry element Calculus.
650 #0 - SUBJECT ADDED ENTRY--TOPICAL TERM
Topical term or geographic name entry element Geometry, Analytic.
653 ## - INDEX TERM--UNCONTROLLED
Uncontrolled term Calculus
653 ## - INDEX TERM--UNCONTROLLED
Uncontrolled term Analytic geometry
650 17 - SUBJECT ADDED ENTRY--TOPICAL TERM
Topical term or geographic name entry element Functietheorie.
Source of heading or term gtt
650 #7 - SUBJECT ADDED ENTRY--TOPICAL TERM
Topical term or geographic name entry element Cálculo diferencial e integral (textos elementares)
Source of heading or term larpcal
650 07 - SUBJECT ADDED ENTRY--TOPICAL TERM
Topical term or geographic name entry element Analytische Geometrie.
Source of heading or term swd
650 07 - SUBJECT ADDED ENTRY--TOPICAL TERM
Topical term or geographic name entry element Infinitesimalrechnung.
Source of heading or term swd
700 1# - ADDED ENTRY--PERSONAL NAME
Personal name Penney, David E.
856 41 - ELECTRONIC LOCATION AND ACCESS
Uniform Resource Identifier <a href="http://www.archive.org/details/calculusanalytic00edwa">http://www.archive.org/details/calculusanalytic00edwa</a>
Public note Free eBook from the Internet Archive
856 42 - ELECTRONIC LOCATION AND ACCESS
Uniform Resource Identifier <a href="http://www.openlibrary.org/books/OL2201288M">http://www.openlibrary.org/books/OL2201288M</a>
Public note Additional information and access via Open Library
Holdings
Withdrawn status Lost status Damaged status Not for loan Collection Home library Current library Date acquired Total Checkouts Full call number Date last seen Price effective from Koha item type
        Project Gutenberg Main Library Main Library 05/25/2023   QA303 .E223 1990 05/25/2023 05/25/2023 EBooks